000 00262nam a22001217a 4500
020 _a0-7214-1552-0
082 _a823
_bDAL/L
100 _aDALY, AUDREY
245 _aTHE LITTLE MERMAID
260 _aUK
_bLADYBIRD
650 _aENGLISH SHORT STORY
_zUK
942 _cBK
999 _c4026
_d4026